[Event "POL-ch U16 Girls"]
[Site "Sypniewo"]
[Date "2022.03.27"]
[Round "9"]
[White "Idzior, Izabela"]
[Black "Jureczko, Anna"]
[Result "0-1"]
[WhiteElo "1369"]
[BlackElo "1200"]
[PlyCount "104"]
[EventDate "2022.03.19"]
[EventType "swiss"]
[EventRounds "9"]
[EventCountry "POL"]
[SourceTitle "CBM 207 Extra"]
[Source "ChessBase"]
[SourceDate "2022.05.31"]
[SourceVersion "1"]
[SourceVersionDate "2022.05.31"]
[SourceQuality "1"]

1. e4 d5 2. exd5 Qxd5 3. Nc3 Qa5 4. Bc4 Nf6 5. d3 c6 6. Qe2 Bf5 7. Bd2 Qc7 8. h3 h6 9. g4 Bg6 10. 0-0-0 Nbd7 11. f4 Bh7 12. g5 Ng8 13. Nf3 e6 14. Qe3 Bc5 15. d4 Bd6 16. Ne5 Nxe5 17. fxe5 Be7 18. h4 0-0-0 19. Ne4 Qb6 20. Bc3 Bxe4 21. Qxe4 hxg5 22. hxg5 Bxg5+ 23. Kb1 Ne7 24. Rxh8 Rxh8 25. Qg4 Bh6 26. Rf1 Nf5 27. Bd3 Ne3 28. Qf3 Nxf1 29. Qxf1 Qc7 30. Qe1 Qd7 31. Qf2 Bg5 32. a3 f6 33. Bc4 fxe5 34. dxe5 b6 35. Ba6+ Kc7 36. Qe2 Rd8 37. Qf2 Qe8 38. Bb4 Be7 39. Ba5 Qf8 40. Qe1 Rd5 41. Bc3 Qd8 42. Qg3 Rd1+ 43. Ka2 Qf8 44. Qg4 Rc1 45. Qxe6 Rxc2 46. Qh3 Bxa3 47. Qg3 Be7 48. e6+ Bd6 49. Qd3 Rg2 50. Qc4 Rg6 51. Bb5 Qe8 52. e7 Bxe7 0-1

[Event "POL-ch U15 Qual"]
[Site "Jastrzebia Gora"]
[Date "2021.11.19"]
[Round "7"]
[White "Jureczko, Anna"]
[Black "Olszewska, Wiktoria"]
[Result "1-0"]
[WhiteElo "1162"]
[BlackElo "1334"]
[PlyCount "181"]
[EventDate "2021.11.15"]
[EventType "swiss"]
[EventRounds "9"]
[EventCountry "POL"]
[SourceTitle "EXT 2023"]
[Source "ChessBase"]
[SourceDate "2022.10.05"]
[SourceVersion "1"]
[SourceVersionDate "2022.10.05"]
[SourceQuality "1"]

1. e4 c5 2. c3 d5 3. exd5 Qxd5 4. d4 Nc6 5. Nf3 cxd4 6. Nxd4 e5 7. Nxc6 Qxc6 8. Be3 Nf6 9. Qb3 Qc7 10. Bb5+ Bd7 11. Bxd7+ Qxd7 12. 0-0 Be7 13. Rd1 Qc6 14. Nd2 0-0 15. h3 Nd5 16. Re1 Nxe3 17. Rxe3 Bg5 18. Re2 Bxd2 19. Rxd2 Rad8 20. Rad1 Rxd2 21. Rxd2 Qc7 22. Qb5 a6 23. Rd7 Qxc3 24. bxc3 axb5 25. Rxb7 Ra8 26. Rxb5 f6 27. Rb2 Kf7 28. c4 Ke6 29. Rb7 g5 30. Rxh7 Rxa2 31. c5 Rc2 32. Rc7 Kd5 33. Rf7 Ke6 34. Rc7 Kd5 35. Rd7+ Ke6 36. Rd6+ Ke7 37. Rc6 f5 38. Rg6 Rxc5 39. Rxg5 Kf6 40. Rg8 Rc7 41. Rf8+ Kg6 42. Re8 Kf6 43. Rg8 Rh7 44. Rg3 Rh8 45. Rb3 Kg5 46. Rb5 Kf4 47. Kh2 Re8 48. Rb4+ Kg5 49. Rb3 Rh8 50. Re3 Kf6 51. Rf3 Kg5 52. Rg3+ Kf6 53. Rb3 Kg5 54. Rb5 Kf6 55. Rb6+ Kg5 56. Re6 e4 57. Re5 Kf6 58. Rb5 Rg8 59. Rb3 Rh8 60. Re3 Kg5 61. Rc3 Kf4 62. Re3 Kg5 63. g3 Rh7 64. f3 exf3 65. Rxf3 Rh8 66. h4+ Kg6 67. Kh3 Rh7 68. Rc3 Rh8 69. Rc6+ Kf7 70. Kg2 Rh5 71. Kf3 Ke7 72. Kf4 Kf7 73. Rc5 Ke6 74. Re5+ Kf6 75. g4 Rxh4 76. Rxf5+ Kg6 77. Rb5 Rh8 78. Rb6+ Kg7 79. Kg5 Kf7 80. Kf5 Kg7 81. Rb7+ Kh6 82. g5+ Kh5 83. Rb6 Rf8+ 84. Rf6 Rh8 85. Rf7 Kh4 86. g6 Rg8 87. Rh7+ Kg3 88. Kf6 Rf8+ 89. Rf7 Rg8 90. g7 Rxg7 91. Rxg7+ 1-0